El fin de la ciencia: los límites del conocimiento en el declive de la era científica

Zapisane w:
Opis bibliograficzny
1. autor: Horgan, John (Autor)
Format: Książka
Język:hiszpański
Wydane: Barcelona Paidós 1998
Seria:Paidós Transiciones, 7
Hasła przedmiotowe:
Etykiety: Dodaj etykietę
Nie ma etykietki, Dołącz pierwszą etykiete!

MARC

LEADER 00000nam a2200000 a 4500
001 UCM8328
003 CL-VaPUC
008 030307e19980000SP |||||||||||||||||spa|d
082 0 4 |a 501  |b HOR  |2 21 
100 |a Horgan, John  |e author  |9 519680 
245 1 3 |a El fin de la ciencia: los límites del conocimiento en el declive de la era científica 
300 |a 351 p 
942 |c BK 
945 |d 20030307 00:00:00  |a vberengu 
260 |a Barcelona  |b Paidós  |c 1998 
650 0 |a Filosofía de las ciencias  |9 256466 
650 7 |a CIENCIA HISTORIA  |2 CL-VaPUC  |9 263304 
583 |a last modification  |c 20030307 00:00:00  |k Rodrigo Vera 
490 0 |a Paidós Transiciones, 7 
999 |c 302864  |d 302862